| 000 | 00894nam a2200253 a 4500 | ||
|---|---|---|---|
| 001 | 000005981 | ||
| 003 | DO-SdBNP | ||
| 005 | 20210510143602.0 | ||
| 008 | 090825s2007 dr 001 0 spa d | ||
| 040 |
_aDO-SdBNP _bspa _cBNPHU |
||
| 082 | 4 |
_a346.043 _bR426n _222 |
|
| 110 | 1 |
_aRepública Dominicana. _9447 |
|
| 240 | 1 | 3 | _a[Leyes, etc.] |
| 245 | 1 | 0 | _aNormativa de jurisdicción inmobiliaria. |
| 260 |
_aSanto Domingo : _bSuprema Corte de Justicia, _c2007. |
||
| 300 |
_a378 p. ; _c23 cm. |
||
| 590 | _aInventariado, 2018/LP | ||
| 650 | 4 |
_aBienes raíces _zRepública Dominicana _911842 |
|
| 650 | 4 |
_aNegocios en bienes raíces _xLegislación _zRepública Dominicana _916860 |
|
| 650 | 4 |
_aTenencia de la tierra _xLegislación _zRepública Dominicana _916861 |
|
| 650 | 4 |
_aRegistro de la propiedad _zRepública Dominicana _98463 |
|
| 910 | _aValidado. Control de calidad EMS | ||
| 942 |
_2ddc _cLBS1 |
||
| 999 |
_c5777 _d5777 |
||